| LEADER 00000nam 2200000uu 4500 |
| 001 39258 |
| 003 ULIBM |
| 008 020711s2566 th a 000 0 tha d |
| 020 9789740342366 |
| 060 W20.5 ธ633ก |
| 100 ธีรพล ทิพย์พยอม |
| 245 การทบทวนวรรณกรรมอย่างเป็นระบบขั้นพื้นฐาน สำหรับบุคลากรทางการแพทย์=Besic Sytemtic Review for Healthcare Professionals/ธีรพล ทิพย์พยอม |
| 250 พิมพ์ครั้งที่ 4 |
| 260 กรุงเทพฯ :^bจุฬาลงกรณ์มหาวิทยาลัย,^c2566 |
| 300 236 หน้า ;^c25 ซม. |
| 650 วิทยาศาสตร์การแพทย์--วิจัย--วิธีวิทยา |
| 650 Systematic Reviews as Topic — methods |
| 650 Review Literature as Topic — standards |
| 650 Evidence-Based Practice — methods |
| 650 Research Design |
| 650 Meta-Analysis as Topic — methods |
| 650 Health Personnel — education |
| 999 ^aฐานิตา โสภะสุนทร |